Alternatívne zdroje financovania starostlivosti o životné prostredie vo vybranom odvetví národného hospodárstva SR diplomová práca

Salvato in:
Dettagli Bibliografici
Autore principale: Huláková, Lenka
Ente Autore: Národohospodárska fakulta EU. Katedra financií
Altri autori: Červeňová, Magdaléna, 1962-
Natura: Libro
Lingua:slovacco
Pubblicazione: Bratislava 2017
Tags: Aggiungi Tag
Nessun Tag, puoi essere il primo ad aggiungerne!!

MARC

LEADER 00000nbm a2200000 4500
001 0231926
005 20171127145056.4
041 0 |a slo 
044 |a SK 
245 1 0 |a Alternatívne zdroje financovania starostlivosti o životné prostredie vo vybranom odvetví národného hospodárstva SR  |b diplomová práca  |c Lenka Huláková ; školiteľ: Magdaléna Červeňová 
264 1 |a Bratislava  |c 2017 
300 |a 68 s. 
100 1 |a Huláková, Lenka 
700 1 |a Červeňová, Magdaléna, 1962- 
710 2 |a Národohospodárska fakulta EU. Katedra financií